| 000 | 00776nac a22002537a 4500 | ||
|---|---|---|---|
| 001 | BR9403190 | ||
| 003 | BR-BrBNA | ||
| 005 | 20240105121521.0 | ||
| 008 | 230509b bl.|||m| |||| 00| 0 por d | ||
| 040 |
_aBR-BrBNA _bpor _cBiblioteca Nacional de Agricultura |
||
| 072 | _aQ02 | ||
| 090 | _a9400 BR9403190 | ||
| 110 | 1 |
_aAssociacao Brasileira de Credito e Assistencia Rural, Rio de Janeiro, RJ (Brasil) _9230 |
|
| 245 | 1 | _aProjeto de laticinios - clubes 4-S | |
| 260 | 3 |
_aRio de Janeiro, RJ (Brasil): _c1961. |
|
| 300 | _a31 p. | ||
| 490 |
_aSerie T-4-S - ABCAR (Brazil) _vno. 6 _x |
||
| 500 | _a55 illus. | ||
| 650 | _aLeite | ||
| 650 | _aLaticinio | ||
| 650 | _aPreservacao de Alimento | ||
| 909 |
_a202312 _bLúcia Elande _c55 _dLúcia Elande |
||
| 942 |
_2AGRIS _n0 _cMS |
||
| 999 |
_c285761 _d285761 |
||